| 000 | 00951nas a2200301 4500 | ||
|---|---|---|---|
| 001 | BR2013008566 | ||
| 003 | BR-BrBNA | ||
| 005 | 20231205123125.0 | ||
| 007 | ta | ||
| 008 | 230509b bl.|||p| |||| 00| 00por d | ||
| 040 |
_aBR-BrBNA _bpor _cBiblioteca Nacional de Agricultura |
||
| 041 | _a(Pt) | ||
| 072 | _aF60; F02 | ||
| 100 | 1 | _aPaulus, D. | |
| 100 | 1 | _aValmorbida, R. | |
| 100 | 1 | _aToffoli, E. | |
| 100 | 1 | _aNava, G.A. | |
| 100 | 1 | _aPaulus, E. | |
| 245 | 1 | _aTeor e composição química do óleo essencial e crescimento vegetativo de Aloysia triphylla em diferentes espaçamentos e épocas de colheita | |
| 650 | _aÓLEO ESSENCIAL | ||
| 650 | _aCRESCIMENTO | ||
| 650 | _aCOMPOSIÇÃO QUÍMICA | ||
| 650 | _aCOLHEITA | ||
| 650 | _aDENSIDADE DE PLANTIO | ||
| 773 | 0 |
_tRevista Ceres (Brazil) _xISSN 0034-737X _g(May-Jun 2013), v. 60(3) p. 372-379 _wBR2013008566 |
|
| 909 |
_a202311 _bLúcia _c55 _dLúcia Elande |
||
| 942 |
_2AGRIS _n0 _cANA |
||
| 999 |
_c232295 _d232295 |
||